Tourism, performance and place: A geographic perspectve (Record no. 16503)

MARC details
000 -LEADER
fixed length control field 00488nam a2200169Ia 4500
008 - FIXED-LENGTH DATA ELEMENTS--GENERAL INFORMATION
fixed length control field 230917s9999||||xx |||||||||||||| ||und||
020 ## - ISBN
Price GBP65
040 ## - CATALOGING SOURCE
-- 229282
Original cataloging agency VIVEKANANDA LIBRARY
041 ## - Language
-- English
082 ## - DDC NUMBER
Classification number 338.4791 R424T
100 ## - MAIN ENTRY--PERSONAL NAME
Personal name Rickly-Boyd, Jillian M
245 #0 - TITLE STATEMENT
Title Tourism, performance and place: A geographic perspectve
260 ## - PUBLICATION, DISTRIBUTION, ETC. (IMPRINT)
Place of publication, distribution, etc Burlington
Name of publisher, distributor, etc Ashgate Publishing
Date of publication, distribution, etc 2014
300 ## - PHYSICAL DESCRIPTION
Pages xv, 180 p.
500 ## - GENERAL NOTE
General note 2166 09/11/2015 PBA15/466 10/11/2015 IHTM (SFS)
942 ## - ADDED ENTRY ELEMENTS (KOHA)
Koha item type Books
Holdings
Withdrawn status Lost status Damaged status Not for loan Location (home branch) Sublocation or collection (holding branch) Shelving location Date acquired Koha issues (times borrowed) Koha full call number Accession No. Koha date last seen Koha item type
        VIVEKANANDA LIBRARY VIVEKANANDA LIBRARY IHTM Library 04/01/2016   338.4791 R424T 350714 17/09/2023 Books
© Designed and Maintained by Vivekananda Library, MDU Rohtak